Legislatívna kultúra
Zdroje legislatívnej kultúry. Legislatíva ako umenie. Legislatíva ako remeslo. Legislatíva ako (kybernetická) veda.
Guardado en:
| Autor principal: | |
|---|---|
| Otros Autores: | |
| Formato: | Capítulo de libro |
| Lenguaje: | eslovaco |
| Materias: | |
| Etiquetas: |
Sin Etiquetas, Sea el primero en etiquetar este registro!
|
MARC
| LEADER | 00000naa a2200000 4500 | ||
|---|---|---|---|
| 001 | 0249563 | ||
| 005 | 20181218093431.6 | ||
| 041 | 0 | |a slo | |
| 044 | |a SK | ||
| 245 | 1 | 0 | |a Legislatívna kultúra |c Ján Svák, Boris Balog |
| 520 | |a Zdroje legislatívnej kultúry. Legislatíva ako umenie. Legislatíva ako remeslo. Legislatíva ako (kybernetická) veda. | ||
| 610 | 2 | 0 | |a Slovensko |
| 610 | 2 | 0 | |a parlamenty |
| 610 | 2 | 0 | |a legislatíva |
| 610 | 2 | 0 | |a predpisy právne |
| 610 | 2 | 0 | |a spoločnosť |
| 610 | 2 | 0 | |a orgány štátne |
| 610 | 2 | 0 | |a kultúra |
| 610 | 2 | 0 | |a umenie |
| 610 | 2 | 0 | |a súdy ústavné |
| 610 | 2 | 0 | |a Česko |
| 610 | 2 | 0 | |a vedy spoločenské |
| 610 | 2 | 0 | |a technológie informačné |
| 100 | 1 | |a Svák, Ján | |
| 700 | 1 | |a Balog, Boris | |